000 00477nam a2200217Ia 4500
008 210210b xxu||||| |||| 00| 0 eng d
041 _aeng
082 _a331/67
100 _aFERNANDES (May)
245 _aArguments on nationalisation of banks in India
260 _aBombay
_b-
_c
650 _aon
650 _aof
650 _anationalisation
650 _aIndia
650 _ain
650 _abanks
650 _aArguments
690 _aBanking
906 _a003969
999 _c121988
_d121988